000 00685nam a2200205 a 4500
999 _c16869
_d16869
003 OSt
005 20190508152036.0
008 920320s1992 ii a b 001 0 eng
020 _a8170223865 :
040 _aSEKU
050 0 0 _aHD 075 .H3
_bY33
100 1 _aYadav, J. S.
245 1 0 _aEvaluation of agricultural extension :
_ba study of Haryana /
_cJ.S. Yadav.
260 _aNew Delhi:
_bConcept publisher company,
_c1992.
300 _a207 p. :
_bill. ;
504 _aIncludes bibliographical references and index (p. [198]-202).
650 0 _aAgricultural productivity
_zIndia
_zHaryana.
650 0 _aAgricultural extension work
_zIndia
_zHaryana
_xEvaluation.
942 _2lcc
_cGEN